000 01192nab a2200373 4500
003 BR-BrBNA
005 20241012161748.0
008 241012b bl.||||| |||| 00| 0 por d
040 _aBR-BrBNA
_bpor
072 _aE10 ; E13 ; E71
100 _aLopes, Ricardo Luis
100 _aHasegawa, Marcos Minoru
100 _aGuilhoto, Joaquim José Martins
245 _a2003: esperança x incertezas
_bProjeções Econômicas
500 _a1 illus.
650 _aAGRICULTURA
650 _aAGRONEGÓCIO
650 _aHORTICULTURA
650 _aFRUTICULTURA
650 _aPRODUÇÃO
650 _aDESEMPENHO
650 _aECONOMIA AGRÍCOLA
650 _aCUSTO DE PRODUÇÃO
650 _aPOLÍTICA DE PREÇO
650 _aPREÇO MÍNIMO
650 _aESTOQUE REGULADOR
650 _aFINANCIAMENTO
650 _aCOMÉRCIO EXTERIOR
650 _aESTABILIZAÇÃO ECONÔMICA
650 _aPLANEJAMENTO ECONÔMICO
773 0 _04115
_9344967
_dPiracicaba-SP Centro de Estudos Avançados em Economia Aplicada-CEPEA/USP/ESALQ 2002
_o2024-5380
_tHortifruti Brasil (Brazil)
_x1981-1837
_gv. 1(8) p.12-13; (Dec 2002)
_wBR2024003025
942 _cANA
999 _c328068
_d328068